|
|
|
|
| LEADER |
01040nam a2200253 a 4500 |
| 001 |
000626398 |
| 003 |
CZ BrMZK |
| 005 |
20161031095223.0 |
| 007 |
ta |
| 008 |
020930s1979 xr a f cze d |
| 040 |
|
|
|a BOA001
|b cze
|c BOA001
|
| 080 |
|
|
|a 75(437)"19":92 Tamchyna
|2 MRF
|
| 080 |
|
|
|a 76(437)"19":92 Tamchyna
|2 MRF
|
| 100 |
1 |
|
|a Tamchyna, Petr,
|d 1943-1980
|7 jk01132043
|4 art
|
| 245 |
1 |
0 |
|a Petr Tamchyna :
|b návraty : obrazy, grafika : Muzeum a galerie Dačice : léto 1979 /
|c [text] František Novotný
|
| 246 |
3 |
0 |
|a Návraty, obrazy, grafika - Petr Tamchyna
|
| 260 |
|
|
|a Dačice :
|b Muzeum a galerie,
|c 1979
|
| 300 |
|
|
|a 1 nestránkovaný sv. :
|b il.
|
| 700 |
1 |
|
|a Novotný, František,
|c text katalogu
|4 aut
|
| 710 |
2 |
|
|a Městské muzeum a galerie (Dačice, Česko)
|7 kn20020322395
|
| 910 |
|
|
|a BOA001
|b X-0807.287
|
| 990 |
|
|
|a BK
|
| 996 |
6 |
|
|b 2619177730
|c X-0807.287
|l MZK
|r Sklad / do 24 hodin
|n 0
|w 000626398
|u 000020
|a 1
|e BOA001
|j MZK50
|s P
|
| 996 |
7 |
|
|b 2619200859
|c X-0807.287
|l MZK
|r Sklad / do 24 hodin
|n 0
|w 000626398
|u 000010
|a 1
|e BOA001
|j MZK50
|s A
|